000 00510nam a2200193 a 4500
001 16638
003 CO-ViMGA
008 141112s2004 ck r 000 u spa d
020 _a8472238342
040 _aCO-ViMGA
_bspa
_cCO-ViMGA
082 0 4 _a833.8 M397l
100 1 _aMeyrink, Gustav
_923636
245 1 0 _aEl Golem
260 _aBarcelona (España) :
_bTusquets,
_c1997
300 _a260.p.
590 _aForma de adquisición : Premio - Mincultura
650 1 4 _aNOVELA AUSTRIACA
_919514
942 _2ddc
_cBK
999 _c26364
_d26364